00517nam a2200157Ia 4500008004000000082001800040100000600058245002200064260007800086300000700164650001900171690001900190906001100209999001700220952012200237210210b1969 xxu||||| |||| 00| 0 eng d a954.0357 JALL a- aJallianwala bagh. aDelhi.bPublication Division Ministry of Information & Broadcastingc1969 a34 aModern India  aIndian History a026841 c78148d78148 001040708HistoryaALbALcHistoryd2021-02-17g0.00l0o954.0357 JALLp026841r2021-02-17 00:00:00w2021-02-17yBK